000 00868cam a22003017a 4500
003 CHAP
005 20220817042148.0
008 971013s1965 r 00010 d
010 _a36413
011 _a37385
035 _a41505
040 _cCHAP
082 _a338.176
_bF36
110 _aFAO
245 1 3 _aLa economía mundial de la carne
260 _aRoma :
_bFAO,
_c1965
300 _a154 p.
490 0 _aFAO. Serie sobre productos
_v; 40
590 _aBATCH-UPD
_b10
_c20130110
_lUCH01
_h2025
590 _aCONVERSION
_b10
_c20130109
_lUCH01
_h1320
650 1 4 _aCarne
_xConsumo.
_919067
650 1 4 _aCarne
_xMercadeo.
_919090
830 0 _aFAO. Serie sobre productos
_v; 40
_939695
901 _aBK
942 _cLIBRO
949 _a338.176 F36
_bBC
_cFAO
_d-95128
_eFAO1
_h5854
_i41505
_si
949 _a338.176 F36
_bBC
_cFAO
_d-95129
_eFAO2
_fc.2
_h5855
_i41505
_si
999 _c36413
_d36413